| 000 | 00623cam a2200229Ia 4500 | ||
|---|---|---|---|
| 999 |
_c3471 _d3471 |
||
| 001 | 31908 | ||
| 003 | GBCCL | ||
| 005 | 20241126110455.0 | ||
| 008 | 820114s1974 xx 000 0 eng d | ||
| 035 | _a(OCoLC)08062496 | ||
| 040 |
_aMSB _cMSB |
||
| 049 |
_aLBBK _aLBBA |
||
| 082 |
_a253.5 _bMOR |
||
| 092 | _bM883 | ||
| 100 | 1 |
_aMorrow, Ord L. _97010 |
|
| 245 | 1 | 0 |
_aCounsel on the Christian's problems / _cby Ord L. Morrow. |
| 260 |
_aLincoln, Ne. : _bBack to the Bible Broadcast, _c1974. |
||
| 300 |
_a128 p. ; _c17 cm. |
||
| 650 | 0 |
_aQuestions and answers. _97011 |
|
| 650 | 0 |
_aChristian life. _9183 |
|
| 942 |
_2ddc _cBK _05 |
||